书目信息 |
| 题名: |
物理化学中的线性代数方法
|
|
| 作者: | Степанов , 斯捷潘诺夫 著 ;王正刚 译 | |
| 分册: | ||
| 出版信息: | 北京 科学出版社 1982 |
|
| 页数: | 360页 | |
| 开本: | 21cm | |
| 丛书名: | ||
| 单 册: | ||
| 中图分类: | O64 | |
| 科图分类: | ||
| 主题词: | 物理化学-线性代数计算法 , 线性代数计算法-物理化学 | |
| 电子资源: | ||
| ISBN: | ||
| 000 | 01040nam0 2200289 45 | |
| 001 | 0182005278 | |
| 005 | 20060925172215.08 | |
| 010 | @dCNY2.15 | |
| 091 | @a13031.2090 | |
| 100 | @a19950427d1982 em y0chiy0121 ea | |
| 101 | 1 | @achi@crus |
| 102 | @aCN@b110000 | |
| 105 | @ay z 000yy | |
| 200 | 10 | @a物理化学中的线性代数方法@Awu li hua xue zhong de xian xing dai shu fang fa@f(苏)斯捷潘诺夫(Н.Ф.Степанов)著@g王正刚译 |
| 210 | @a北京@c科学出版社@d1982 | |
| 215 | @a360页@d21cm | |
| 300 | @a书名原文:Методы линейной алгебры в физической химии | |
| 510 | 1 | @aМетоды линейной алгебры в физической химии@zrus |
| 606 | @a物理化学-线性代数计算法 | |
| 606 | @a线性代数计算法-物理化学 | |
| 690 | @aO64@v3 | |
| 701 | A1 | @aСтепанов@bН.Ф.@4著 |
| 701 | 1 | @a斯捷潘诺夫@Asi jie pan nuo fu@bН.Ф.@4著 |
| 702 | 0 | @a王正刚@Awang zheng gang@4译 |
| 801 | 2 | @aCN@bNLC@c20060925 |
| 801 | 0 | @aCN@b上海图书馆@c20040521 |
| 905 | @f1@b88233@dO64@e10 | |
| 物理化学中的线性代数方法/(苏)斯捷潘诺夫(Н.Ф.Степанов)著/王正刚译.-北京:科学出版社,1982 |
| 360页;21cm |
| 书名原文:Методы линейной алгебры в физической химии |
| ISBN :CNY2.15 |
| ● |
| 相关链接 |
|
|
|
|
正题名:物理化学中的线性代数方法
索取号:O64/10
 
预约/预借
| 序号 | 登录号 | 条形码 | 馆藏地/架位号 | 状态 | 备注 |
| 1 | 0088233 | 000344363 | 第三借阅区/ [索取号:O64/10] | 在馆 | |
| 2 | 0088234 | 202121097 | 第二样本阅览室/ [索取号:O64/10] | 在馆 | |
| 3 | 0422950 | 204229502 | 密集书库/ [索取号:O64/10] | 在馆 |